O carrinho número 1 (Registo nº 4591)

Detalhes MARC
000 -Etiqueta do registo
Cabeçalho 00708nam0a2200253 4500
005 - Identificador da versão
Campo de controlo 20240813122106.0
010 ## - Número internacional normalizado dos livros (ISBN)
Número (ISBN) 9722413015
021 ## - Número do Depósito Legal
Código do país PT
Número 203792/03
100 ## - Dados gerais de processamento
Dados gerais de processamento 20170303d2004 c y0pory5003 ba
102 ## - Pais de publicação ou produção
País de publicação Portugal
101 1# - Língua de publicação
Língua do texto, banda sonora, etc. Português
Língua do documento no original Italiano
215 ## - Descrição física 
Indicação específica da natureza do documento e extensão da espécie [29] p.
Outras indicações físicas il. color
200 1# - Titulo e menção de responsabilidade
Título próprio O carrinho número 1
Primeira menção de responsabilidade Eva Montanari
Outras menções de responsabilidade trad. Leonor Bragança
210 ## - Publicação, Distribuição, etc. 
Lugar da edição, distribuição, etc. Lisboa
Nome do editor, distribuidor, etc. Livros Horizonte
Data da publicação, distribuição, etc. 2004
300 ## - Notas gerais 
Texto da nota PNL
606 ## - Nome comum usado como assunto
Número de registo de entrada de autoridade 0001426
Palavra de ordem Literatura italiana
Subdivisão de assunto Conto
Código do sistema CA
675 ## - Classificação Decimal Universal (CDU)
Notação 821.131.1-34
Edição 3ª ed.
Língua da edição por
702 #1 - Nome de autor-pessoa física (responsabilidade secundária)
Número de registo de entrada de autoridade 0000555
Palavra de ordem Bragança
Outra parte do nome não tomada para palavra de ordem Leonor
Código de função Tradutor
700 #1 - Nome de autor-pessoa física (responsabilidade principal)
Número de registo de entrada de autoridade 0001724
Palavra de ordem Montanari
Outra parte do nome não tomada para palavra de ordem Eva
966 ## - Identificação da Biblioteca
Sigla EBVEN
942 ## - Elementos de entrada adicionados (Koha)
Tipo de item no Koha Livro
Exemplares
Situação do levantamento Origin of item (home branch) (coded) Biblioteca de empréstimo Código de barras Cota Circulation type (not for loan) Tipo de documento Nota do exemplar Damaged status
  Biblioteca Escolar das Vendas Biblioteca Escolar das Vendas BEV943 8EST MON PNL   Livro Sem mensagem